Normal view MARC view

Entry Topical Term

Number of records used in: 1

001 - CONTROL NUMBER

  • control field: 14240

003 - CONTROL NUMBER IDENTIFIER

  • control field: dpl

005 - DATE AND TIME OF LATEST TRANSACTION

  • control field: 20100817112008.0

008 - FIXED-LENGTH DATA ELEMENTS

  • fixed length control field: 100817|||a|||||| | ||| d

040 ## - CATALOGING SOURCE

  • Original cataloging agency: dpl
  • Transcribing agency: dpl

150 ## - HEADING--TOPICAL TERM

  • Topical term or geographic name as entry element: Technology
  • Geographic subdivision: India

670 ## - SOURCE DATA FOUND

  • Source citation: Work cat.: (dpl): Currents Trends in Technology ( Ahmedabad: 29 Nov.- 1 Dec 2007) 14239, National conference on currents trends in technology , 2007

670 ## - SOURCE DATA FOUND

  • Source citation: Work cat.: (dpl): Currents Trends in Technology ( Ahmedabad: 29 Nov.- 1 Dec 2007) 14239, National conference on currents trends in technology , 2007

© Delhi Public Library
Hit Counter
free hit counter